Guess the Taylor Swift song with no hints #3 - Statistics

General Stats
  • This quiz has been taken 551 times
  • The average score is 283 of 360
Answer Stats
% Correct
I
100%
a
98%
you
98%
You
98%
it
95%
me
95%
the
95%
The
95%
be
93%
In
93%
in
93%
when
93%
my
92%
your
92%
on
90%
and
89%
do
89%
to
89%
it's
88%
It's
88%
its
88%
was
88%
Was
88%
where
88%
I'm
87%
is
87%
Is
87%
So
87%
But
86%
but
86%
go
86%
love
86%
of
86%
that
86%
what
86%
don't
85%
like
85%
can
84%
if
84%
If
84%
this
84%
all
83%
at
82%
just
82%
know
82%
she
82%
She
82%
think
82%
why
82%
said
80%
ever
79%
time
79%
up
79%
want
79%
Would
79%
would
79%
can't
78%
did
78%
thing
78%
Betty
77%
have
77%
cause
76%
from
75%
her
75%
home
74%
about
73%
for
73%
only
73%
get
72%
miss
72%
make
71%
or
71%
party
71%
showed
71%
tell
71%
with
71%
anything
70%
one
70%
saw
70%
summer
70%
won't
70%
worst
70%
myself
69%
see
69%
told
69%
couldn't
68%
dream
68%
fuck
68%
kiss
68%
now
68%
says
68%
him
67%
seventeen
67%
Will
67%
will
67%
car
66%
times
65%
true
65%
went
65%
word
65%
believe
64%
garden
64%
heard
64%
Inez
64%
rumors
63%
wrong
63%
assumptions
62%
house
62%
James
62%
long
62%
most
62%
trust
62%
switched
61%
again
60%
drive
60%
homeroom
60%
lead
60%
let's
60%
breathe
59%
friends
59%
broken
58%
here
58%
riding
58%
thinking
58%
Yeah
58%
front
57%
side
57%
walking
57%
cardigan
56%
gym
56%
into
56%
last
56%
passed
56%
song
56%
dance
55%
days
55%
nights
55%
skateboard
55%
stupid
55%
wanna
55%
face
54%
favorite
54%
hate
54%
next
54%
playing
54%
porch
54%
far
53%
intentions
53%
Slept
53%
Those
53%
dreamt
52%
pulled
51%
turned
51%
cobblestones
50%
doorstep
50%
dreamed
50%
out
49%
Plus
49%
crowds
48%
found
48%
right
48%
nowhere
47%
Standing
47%
Kissing
44%
wings
42%
figment
41%
finally
40%
happens
39%
sinking
39%
weeks
38%
patch
37%
planned
37%
streetlight
31%
Stopped
28%
No matching quizzes found
Score Distribution
Percent of People with Each Score
Percentile by Number Answered
Your Score History
You have not taken this quiz